| 000 | 00386nam a2200157Ia 4500 | ||
|---|---|---|---|
| 008 | 230917s9999||||xx |||||||||||||| ||und|| | ||
| 020 | _cRS150 | ||
| 040 |
_e12476 _aMAIN |
||
| 041 | _aEnglish | ||
| 082 | _a301.4443 B239C | ||
| 100 | _aBarik, Bishnu C | ||
| 245 | 0 | _aClass formation and peasantry | |
| 260 |
_aJaipur _bRawat Publications _c1988 |
||
| 300 | _axv, 214 p. | ||
| 942 | _cBK | ||
| 999 |
_c60218 _d60218 |
||